Training needs for educational planners in Nigeria.

Guardado en:
Detalles Bibliográficos
Autores corporativos: International Institute for Educational Planning (IIEP), Report of and IIEP Workshop
Formato: Procedimiento de la conferencia Libro
Idioma:Inglés
Temas:
Etiquetas: Agrega una etiqueta
Sin etiquetas, Sé el primero en etiquetar este registro!

MARC

LEADER 00000cam^a2200000uu^4500
001 000488476
005 20250521000000.0
008 031710s1992^^^^^^^^^^^^rd^r^1000^0^eng^d
009 20260310125309.45
035 |a FCE 000031657 
035 |a FCE 017602 
037 |a Acervo ITESO - Biblioteca 
041 |a eng 
082 0 4 |a 371.2  |b IIEPd 8 
110 |a International Institute for Educational Planning (IIEP) 
245 1 0 |a Training needs for educational planners in Nigeria. 
264 |a Paris :  |b IIEP : UNESCO,  |c 1992. 
300 |a 99 p. 
336 |a texto  |b txt  |2 rdacontenido 
337 |a sin mediación  |b n  |2 rdamedio 
338 |a volumen  |b nc  |2 rdasoporte 
611 4 |a Taller 
649 |a XX 
650 |a Economía de la educación 
650 |a Planificación de la educación 
650 |a Educación básica 
650 |a Administradores de la educación 
650 |a Planificadores de la educación 
650 |a Calidad de la educación 
650 |a Nigeria 
711 |a Report of and IIEP Workshop:  |c Lagos, Nigeria)  |d (9-13 dic. 1991 : 
910 |a Fondo Centro de Estudios Educativos 
920 |a Impresos - Libros 
930 |a Fondos Especiales 
905 |a 133 
901 |a ALE017602  |b IT2  |c CEE  |u 20250521 
902 |a https://opac.biblio.iteso.mx/vufind/Record/000488476